Macroeconomics : (Record no. 11738)

000 -LEADER
fixed length control field 01235cam a2200301 a 4500
001 - CONTROL NUMBER
control field 1197908
005 - DATE AND TIME OF LATEST TRANSACTION
control field 20190307020042.0
008 - FIXED-LENGTH DATA ELEMENTS--GENERAL INFORMATION
fixed length control field 980501s1999 mauab bi 001 0 eng
010 ## - LIBRARY OF CONGRESS CONTROL NUMBER
LC control number 98019045
020 ## - INTERNATIONAL STANDARD BOOK NUMBER
International Standard Book Number 0072898410 (acidfree paper)
020 ## - INTERNATIONAL STANDARD BOOK NUMBER
International Standard Book Number 0073662178 (Wall Street Journal ed.)
035 ## - SYSTEM CONTROL NUMBER
System control number (DLC) 98019045
040 ## - CATALOGING SOURCE
Original cataloging agency DLC
Transcribing agency DLC
Modifying agency DLC
050 00 - LIBRARY OF CONGRESS CALL NUMBER
Classification number HB172.5
Item number .M3743 1999
082 00 - DEWEY DECIMAL CLASSIFICATION NUMBER
Classification number 339
Edition number 21
100 1# - MAIN ENTRY--PERSONAL NAME
Personal name McConnell, Campbell R.
245 10 - TITLE STATEMENT
Title Macroeconomics :
Remainder of title principles, problems, and policies /
Statement of responsibility, etc. Campbell R. McConnell, Stanley L. Brue.
250 ## - EDITION STATEMENT
Edition statement 14th ed.
260 ## - PUBLICATION, DISTRIBUTION, ETC. (IMPRINT)
Place of publication, distribution, etc. Boston :
Name of publisher, distributor, etc. Irwin/McGraw-Hill,
Date of publication, distribution, etc. c1999.
300 ## - PHYSICAL DESCRIPTION
Extent 1 v. (various pagings) :
Other physical details col. ill., col. maps ;
Dimensions 26 cm. +
Accompanying material 1 computer laser optical disc (4 3/4 in.).
504 ## - BIBLIOGRAPHY, ETC. NOTE
Bibliography, etc Includes bibliographical references and index.
538 ## - SYSTEM DETAILS NOTE
System details note System requirements for accompanying computer disc: Windows 3.1, Windows 95, Windows NT 4.0.
650 #0 - SUBJECT ADDED ENTRY--TOPICAL TERM
Topical term or geographic name as entry element Macroeconomics.
700 1# - ADDED ENTRY--PERSONAL NAME
Personal name Brue, Stanley L.,
Dates associated with a name 1945-
906 ## - LOCAL DATA ELEMENT F, LDF (RLIN)
a 7
b cbc
c orignew
d 1
e ocip
f 19
g y-gencatlg
942 ## - ADDED ENTRY ELEMENTS (KOHA)
Source of classification or shelving scheme
Koha item type Hard Covered Materials
Classification part HB 172.5 .M3743 1998
Koha issues (borrowed), all copies 3
Holdings
Withdrawn status Lost status Source of classification or shelving scheme Damaged status Not for loan Home library Current library Shelving location Date acquired Source of acquisition Total Checkouts Full call number Barcode Date last seen Date last checked out Price effective from Koha item type
          MACHAKOS UNIVERSITY LIBRARY MACHAKOS UNIVERSITY LIBRARY Open shelf 12/07/2016 Donation (BFA) 3 HB 172.5 .M3743 1998 20798 06/06/2019 06/03/2019 12/07/2016 Hard Covered Materials
© Machakos University Library, Along The Highway, Machakos Wote Rd, Machakos, Kenya P.O. Box 136 - 90100 Machakos - Kenya

Tel: ( +254 ) 723 805829 OR Fax : 044-20353 OR Email: library@mksu.ac.ke